| 000 | 00522nam a2200217Ia 4500 | ||
|---|---|---|---|
| 003 | OSt | ||
| 005 | 20220924143257.0 | ||
| 006 | a|||||r|||| 00| 0 | ||
| 007 | ta | ||
| 008 | 220923b |||||||| |||| 00| 0 urd d | ||
| 024 | _a307495 | ||
| 037 | _cTextual | ||
| 040 |
_aARTS _cARTS _burd |
||
| 041 |
_2urd _aurd |
||
| 082 | _aw2,N1, 168M3 | ||
| 100 |
_aMazameen _9215234 |
||
| 245 | 0 | _aNuqoosh-e-rafta | |
| 260 | _c1983 | ||
| 942 |
_hw2,N1, 168M3 _cTEXL _2CC |
||
| 999 |
_c453840 _d453840 |
||